000 00275nam a2200133Ia 4500
100 _aParnov/E.I
942 _cBK
654 _aInfinitives
245 _aAt The Crossroads Of Infinitives
260 _bMir Publishers
082 _a520
300 _a396
546 _aENGLISH
999 _c26331
_d26331